000 00474nam a2200181Ia 4500
003 GCL
008 140319s9999 xx 000 0 eng d
040 _aGCL /
_cGCL
082 0 4 _aCC
_b962.16
_bR M
100 1 _aRAAFAT, SAMIR W.
245 1 0 _aMAADI 1904 - 1962: SOCIETY AND HISTORY IN A CAIRO SUBURB /
_cRAAFAT, SAMIR W.
260 _a[S.N] :
_bTHE PALM PRESS ،
_c1994
300 _a282 P
650 0 4 _aEGYPT
650 0 4 _aCAIRO
650 0 4 _aMAADI
942 _2ddc
_cBK
999 _c25606
_d25606